Propuesta centro de cómputo en el IES
Plantea la creación de un Centro de Cómputos o departamento de informática en el Instituto de Estudios Superiores, en el cual deberá establecer normas y políticas en manera de tecnología de información, para automatizar, actividades académicas y administrativas llevadas a cabo en la instituc...
| Main Authors: | , |
|---|---|
| Other Authors: | |
| Format: | Tesis Section = Libro |
| Language: | Undetermined Spanish |
| Published: |
Managua
UNI
2006
|
| Subjects: |
| LEADER | 01162nam a2200265Ia 4500 | ||
|---|---|---|---|
| 008 | 240830s9999 xx 000 0 und d | ||
| 040 | |a BIBLIOTECA-RUSB/ Mon 025.04 R173 | ||
| 041 | |a spa | ||
| 082 | |a Mon 025.04 R173 | ||
| 100 | 1 | |a Ramírez Ruiz, Magaly | |
| 100 | 1 | |b Vela Córdoba, Tania | |
| 245 | 1 | 0 | |a Propuesta centro de cómputo en el IES |
| 260 | |a Managua |b UNI |c 2006 | ||
| 300 | |a 100 p. :il. | ||
| 500 | |a Contiene: anexos. | ||
| 502 | |a Tesis (Ingeniero en Computación) - UNI, 2006. | ||
| 520 | 3 | |a Plantea la creación de un Centro de Cómputos o departamento de informática en el Instituto de Estudios Superiores, en el cual deberá establecer normas y políticas en manera de tecnología de información, para automatizar, actividades académicas y administrativas llevadas a cabo en la institución. | |
| 650 | 7 | |a SISTEMA DE INFORMACIÓN - CENTRO DE CÓMPUTO - IES | |
| 650 | 7 | |b ESTRUCTURA ORGANIZACIONAL - CENTRO DE CÓMPUTO | |
| 650 | 7 | |c CONTROL ADMINISTRATIVO | |
| 650 | 7 | |d DISEÑO DE SISTEMA - CENTRO DE CÓMPUTO | |
| 700 | 1 | |a Tutor: |b Prado Delgadillo, Jorge Jesús | |
| 942 | |c BK |2 ddc | ||
| 991 | |a TESIS | ||
| 999 | |c 19872 | ||